LIBRARY & INFORMATION CENTRE, KCAET, TAVANUR

ONLINE PUBLIC ACCESS CATALOGUE (OPAC)

Water atlas of Kerala / (Record no. 397)

MARC details
000 -LEADER
fixed length control field 00444cam a2200157ua 4500
003 - CONTROL NUMBER IDENTIFIER
control field OSt
008 - FIXED-LENGTH DATA ELEMENTS--GENERAL INFORMATION
fixed length control field 211223b ||||| |||| 00| 0 eng d
082 ## - DEWEY DECIMAL CLASSIFICATION NUMBER
Classification number 028.79 551
Item number BAS/WA
100 ## - MAIN ENTRY--AUTHOR NAME
Personal name Basak, P .
245 00 - TITLE STATEMENT
Title Water atlas of Kerala /
260 ## - PUBLICATION, DISTRIBUTION, ETC. (IMPRINT)
Place of publication Kerala :
Name of publisher Center for water resources development and management ,
Year of publication 1995.
300 ## - PHYSICAL DESCRIPTION
Number of Pages 82 ; .
650 ## - SUBJECT ADDED ENTRY--TOPICAL TERM
Topical Term Atas
856 ## - ELECTRONIC LOCATION AND ACCESS
Uniform Resource Identifier <a href="http://14.139.181.140/water/index.htm">http://14.139.181.140/water/index.htm</a>
942 ## - ADDED ENTRY ELEMENTS (KOHA)
Koha item type Books
Holdings
Withdrawn status Lost status Damaged status Home library Current library Date acquired Full call number Accession Number Koha item type
      KAUAET KAUAET 07/04/2012 028.79 551 19567 Reference
free website counter